000 00438nam a2200181Ia 4500
008 210210b1903 xxu||||| |||| 00| 0 eng d
041 _aeng
082 _a543/102
100 _aJONES (Harry C)
245 _aElements of inorganic chemistry
260 _aNew York
_bThe Macmillan Co
_c1903
300 _a343
650 _ainorganic
650 _aElements
650 _achemistry
690 _aInorganic Chemistry
906 _a009514
999 _c126965
_d126965